| Tag |
First Indicator |
Second Indicator |
Subfields |
| LEADER |
00000cam a2200000 i 4500 |
| 001 |
in00003721713 |
| 006 |
m o d |
| 007 |
cr ||||||||||| |
| 008 |
160502t20162016nyua ob 001 0 eng |
| 005 |
20250816205009.4 |
| 010 |
|
|
|a 2016019723
|
| 020 |
|
|
|a 9781594038945
|q electronic book
|
| 020 |
|
|
|a 1594038945
|q electronic book
|
| 020 |
|
|
|z 9781594038938
|q hardcover ;
|q alkaline paper
|
| 020 |
|
|
|z 1594038937
|
| 024 |
8 |
|
|a 40026490926
|
| 035 |
|
|
|a (NhCcYBP)ebc4670540
|
| 037 |
|
|
|a C5AAA342-C290-4CD6-B660-9463E52D56C0
|b OverDrive, Inc.
|n http://www.overdrive.com
|
| 040 |
|
|
|a NhCcYBP
|c NhCcYBP
|d UtOrBLW
|
| 042 |
|
|
|a pcc
|
| 043 |
|
|
|a n-us---
|
| 050 |
|
4 |
|a GT4975
|b .K54 2016
|
| 082 |
0 |
0 |
|a 394.2649
|2 23
|
| 100 |
1 |
|
|a Kirkpatrick, Melanie,
|e author.
|0 http://id.loc.gov/authorities/names/n99022907
|
| 245 |
1 |
0 |
|a Thanksgiving :
|b the holiday at the heart of the American experience /
|c Melanie Kirkpatrick.
|
| 250 |
|
|
|a First American edition.
|
| 264 |
|
1 |
|a New York :
|b Encounter Books,
|c 2016.
|
| 264 |
|
4 |
|c ©2016
|
| 300 |
|
|
|a 1 online resource.
|
| 336 |
|
|
|a text
|b txt
|2 rdacontent
|
| 337 |
|
|
|a computer
|b c
|2 rdamedia
|
| 338 |
|
|
|a online resource
|b cr
|2 rdacarrier
|
| 504 |
|
|
|a Includes bibliographical references and index.
|
| 588 |
|
|
|a Description based on online resource; title from digital title page (viewed on October 24, 2016).
|
| 500 |
|
|
|a Electronic resource.
|
| 650 |
|
0 |
|a Thanksgiving Day
|x History.
|
| 650 |
|
0 |
|a Holidays
|z United States
|x History.
|
| 651 |
|
0 |
|a United States
|x Social life and customs.
|0 http://id.loc.gov/authorities/subjects/sh85140527
|
| 655 |
|
7 |
|a Electronic books.
|2 local
|
| 710 |
2 |
|
|a ProQuest (Firm)
|0 http://id.loc.gov/authorities/names/n2007068018
|
| 776 |
1 |
8 |
|i Print version:
|a Kirkpatrick, Melanie, author.
|t Thanksgiving.
|d New York : Encounter Books, 2016
|z 9781594038938
|w (DLC) 2016018851
|
| 856 |
4 |
0 |
|u https://ebookcentral.proquest.com/lib/tamucs/detail.action?docID=4670540
|y Connect to the full text of this electronic book
|t 0
|
| 955 |
|
|
|a YBP purchased approval e-records
|
| 980 |
|
|
|b 38.99
|g 1
|
| 987 |
|
|
|a ybp13152271
|
| 999 |
f |
f |
|s 1b9116ba-7620-3a71-9eaa-288e4cf91f84
|i 91e091f3-d682-3087-8485-4826f45deba3
|t 0
|
| 952 |
f |
f |
|a Texas A&M University
|b College Station
|c Electronic Resources
|d Available Online
|t 0
|e GT4975 .K54 2016
|h Library of Congress classification
|
| 998 |
f |
f |
|a GT4975 .K54 2016
|t 0
|l Available Online
|